01524nam a2200337 a 450000100060000000300080000600500170001400800410003102000450007202000450011703500190016204000260018104100080020708200260021524501620024126000380040330000310044150001950047250000380066765000410070565000420074665000430078870000310083170000350086271000450089771000380094283000410098094200120102199900170103395201360105066073BD-RjUL20211209081510.0170314s1978 wb a b 101 0 eng d a354008777X (Berlin,Heidelberg, New York) a038708777X (NewYork, Heidelberg, Berlin) a(BD-RjUL)66203 aBD-RjULbengcBD-RjUL aeng 223a591.568bANI 197800aAnimal migration, navigation, and homing :bsymposium held at the University of Tübingen, August 17-20, 1977 /cedited by K. Schmidt-Koenig and W.T. Keeton aBerlin :bSpringer-Verlag,cc1978 ax, 462 p. :bill. ;c25 cm a"Symposium was sponsored by the University of Tübingen, celebrating its 500th anniversary, and held as Internationale Wissenschaftliche Fachkonferenz der Deutschen Forschungsgemeinschaft." aIncludes bibliographies and index 0aAnimal migrationxCongresses9195440 0aAnimal navigationxCongresses9195441 0aAnimal orientationxCongresses91954421 aKeeton, William T.91954431 aSchmidt-Koenig, Klaus.91954442 aDeutsche Forschungsgemeinschaft.91954452 aUniversität Tübingen.9195446 0aProceedings in life sciences9202220 2ddccBK c66073d66073 00102ddc40718NFICaRUCLbRUCLcReadingd1984-09-16eToppan- Tulipl0o005.13 ANI 1978r2017-03-14 00:00:00tC-1w2021-12-09yBK